000
002940000a22000970004500
100
1
_a
Sutherland, Denis
245
1
0
_a
The interface between theology and historical geography
300
_a
Vol. 11, Num. 1 (1993), Páginas 17-30
773
0
_t
Scottish Bulletin of Evangelical Theology
942
_c
ANA
999
_c
55701
_d
55701